Programación monetaria del BCCR -o- Análisis, propuesta y consideaciones de mediano plazo /
Spremljeno u:
| Glavni autor: | |
|---|---|
| Daljnji autori: | , , , |
| Format: | Tekst |
| Teme: | |
| Oznake: |
Dodaj oznaku
Bez oznaka, Budi prvi tko označuje ovaj zapis!
|
MARC
| LEADER | 00000 a a2200000 04500 | ||
|---|---|---|---|
| 001 | 3010 | ||
| 003 | |||
| 040 | |||
| 100 | |a Hoffmaister, Alexander W. | ||
| 245 | |a Programación monetaria del BCCR -o- Análisis, propuesta y consideaciones de mediano plazo / |c Alexander W. Hoffmaister ; Jorge Madrigal Badilla ; Mario Rojas Sánchez ; Mariano Segura Avila ; Edwin Tenorio Chaves | ||
| 650 | |a POLITICA MONETARIA | ||
| 650 | |a TIPO DE CAMBIO | ||
| 650 | |a INFLACION | ||
| 650 | |a BANCOS | ||
| 650 | |a COSTA RICA | ||
| 700 | |a Madrigal Badilla, Jorge | ||
| 700 | |a Rojas Sánchez, Mario | ||
| 700 | |a Segura Avila, Mariano | ||
| 700 | |a Tenorio Chaves, Edwin | ||
| 773 | |g volumen 19, número 1 -2; páginas 5-57 | ||
| 999 | |c 31847 |d 31847 | ||
